000 00838nam a2200253Ia 4500
003 OSt
005 20220918165903.0
006 a|||||r|||| 00| 0
007 ta
008 220917b |||||||| |||| 00| 0 eng d
020 _a817819046X (pbk)
_c495
024 _a239,629
037 _bM/2008/27, 11/09/2008, Mukta Dhara
_cTextual
040 _aARTS
_cARTS
_beng
041 _2eng
_aeng
082 _aV49D.G27, K4
100 _aSankrityayana Rahula
_925940
245 0 _aHistory of Central Asia
_b Bronze age (2000 BC) - Chengiz Khan (1227 AD)
260 _aKolkata
_bNew Age Publishers Private Limited India
_c1964
300 _axiv, 307p.
_ccm.
650 _aHISTORY; ASIA - HISTORY
_925941
942 _hV49D.G27, K4
_cTEXL
_2CC
999 _c131550
_d131550